=LDR 00000nam 2200000 4500 =001 INLIS000000000021841 =005 20130612120647 =008 ***********************************Ind** =035 ##$$a0010-061300000021841 =041 ##$$a Ind =082 ##$$a 657.4 =090 ##$$a 657.4, Mun a =100 ##$$a Munawir, S =245 ##$$a Akuntansi keuangan dan manajemen, Drs. S. Munawir, M.M =260 ##$$a 2002 $b Yogyakarta =300 ##$$a xii, 544 hlm, 21 cm =650 ##$$a Akuntansi =850 ##$$a NBPNMAT =990 ##$$a 90570/BPAP-NTB/2014 =990 ##$$a 10641064